DAILY MATCH XI NO.1 - Statistics

General Stats
  • This quiz has been taken 6 times
  • The average score is 13 of 22
Answer Stats
Position Answer % Correct
CB Cesar Azpilicueta
83%
AM Christian Eriksen
83%
ST Harry Kane
83%
LM Hueng Min Son
83%
GK Hugo Lloris
83%
CB Jan Vertonghen
83%
CM Moussa Dembele
83%
GK Thibaut Courtois
83%
LW Willian
83%
CB David Luiz
67%
AM Dele Alli
67%
CM N'golo Kante
67%
LM Marcos Alonso
50%
RW Pedro
50%
RM Victor Moses
50%
CB Eric Dier
33%
ST Michy Batsuayi
33%
CM Nemanja Matic
33%
CM Victor Wanyama
33%
RM Kieran Trippier
17%
CB Nathan Ake
0%
CB Toby Alderwield
0%
No matching quizzes found
Score Distribution
Percent of People with Each Score
Percentile by Number Answered
Your Score History
You have not taken this quiz